000
00297nam a22001217a 4500
008
230619b xxu||||| |||| 00| 0 eng d
082
_a
305.2
_b
MEL
100
_c
Dr. Julian Melgosa
245
_a
To adolescents and parents
260
_a
Spain
_b
editorial safeliz
300
_a
132p
942
_2
ddc
_c
BK
999
_c
1412
_d
1412